000 00442nam a2200217Ia 4500
003 IT-RoPAU
008 120407s9999 xx 000 0 und d
040 _aIT-RoPAU
040 _cIT-RoPAU
041 _aita
100 _aSergio Amaris
245 _aLe memorie di un sindaco.
250 _aModena
260 _aEdizioni Paoline
260 _c1964
300 _c cm
490 _aVita q
490 _v1
942 _cBK
999 _c236
_d236